Normal view
MARC view
Entry Personal Name
001 - CONTROL NUMBER
- control field: 16618
003 - CONTROL NUMBER IDENTIFIER
- control field:
005 - DATE AND TIME OF LATEST TRANSACTION
- control field: 20210601180334.0
008 - FIXED-LENGTH DATA ELEMENTS
- fixed length control field: 210601|| aca||aabn | a|a d
040 ## - CATALOGING SOURCE
- Original cataloging agency:
- Transcribing agency:
100 ## - HEADING--PERSONAL NAME
- Personal name: Martin, J.P
670 ## - SOURCE DATA FOUND
- Source citation: Work cat.: (): Martin, J.P., Social aspects of prescribing/, 1957
